000 01490nam a2200253 a 4500
001 000031798
003 DO-SdBNP
005 20250501120733.0
008 110706t1956 cl 001 0 spa d
040 _aDO-SdBNP
_bspa
_cBNPHU
049 _aBNPD
082 _a972.93053
_bG158e, 1956
100 1 _a Galíndez, Jesús de,
_d1915-1956
_983901
245 1 3 _aLa Era de Trujillo :
_bun estudio casuístico de dictadura hispanoaméricana /
_cJesús de Galíndez.
250 _a4a ed.
260 _aSantiago de Chile :
_bDel Pacífico,
_c1956.
300 _a452 p. ;
_c19 cm.
504 _aIncluye bibliografía y notas al pie de páginas.
505 0 _gPrólogo de los editores --
_tTestamento de Jesús de Galíndez --
_gIntroducción : La dictadura hispanoamericana --
_gI. Sinopsis histórica de un cuarto de siglo :
_tLa Era de Trujillo --
_gII. Análisis del régimen político bajo Trujillo :
_tParodia constitucional --
_tElecciones y renuncias --
_tTerror difuso en vez de libertad --
_tPartido único y sindicato de gobierno --
_tInstituciones sociales de relleno --
_tEstilo personal del tirano --
_tRepercusiones de la política internacional --
_tEl anticomunismo de Trujillo --
_tLa obra positiva del Régimen Trujillista --
_tCrítica del régimen y grupos de oposición --
_tConclusiones --
650 1 0 _aDemografía
_945443
651 4 _aRepública Dominicana
_xPolítica Y Gobierno
_yERA DE TRUJILLO, 1930-1961
_91374
910 _aValidado. Control de calidad EMS.
942 _2ddc
_cLBS1
999 _c31290
_d31290